| 000 | 00515 a2200181 4500 | ||
|---|---|---|---|
| 003 | OSt | ||
| 005 | 20231215123150.0 | ||
| 008 | 231215b |||||||| |||| 00| 0 eng d | ||
| 020 | _a9788126424122 | ||
| 040 | _coclc | ||
| 082 |
_a894.8123 _bSUB/M |
||
| 100 |
_aSubrahmaniam, Kamala _910131 |
||
| 245 |
_aMahaabhaarathakatha / _cKamala Subrahmaniam |
||
| 250 | _a6th ed. | ||
| 260 |
_aKottayam: _bD C Books, _c2022. |
||
| 300 | _a904p. | ||
| 942 |
_2ddc _cBK _h894.8123 _iSUB/M _k894.8123 _mSUB/M |
||
| 999 |
_c44149 _d44149 |
||